La poda de los árboles ornamentales: del por qué al cómo

Salvato in:
Dettagli Bibliografici
Autore principale: Drénou, Christophe (Autore)
Natura: Libro
Lingua:spagnolo
Pubblicazione: Madrid Mundi Prensa 2000
Soggetti:
Tags: Aggiungi Tag
Nessun Tag, puoi essere il primo ad aggiungerne!!

MARC

LEADER 00000nam a2200000 a 4500
001 UCN4366
003 CL-VaPUC
008 010803e20000000SP |||||||||||||||||spa|d
082 0 4 |a 635.91542  |b DRE  |2 21 
100 0 |a Drénou, Christophe  |e author  |9 460695 
245 1 3 |a La poda de los árboles ornamentales: del por qué al cómo 
300 |a 264 p 
942 |c BK 
945 |d 20010803 00:00:00  |a vberengu 
260 |a Madrid  |b Mundi Prensa  |c 2000 
650 0 |a Aclareo de frutos (raleo)  |9 460678 
650 0 |a Poda  |9 259686 
650 0 |a Árboles ornamentales  |9 303484 
650 7 |a TIPOS DE PODA  |2 CL-VaPUC  |9 460698 
583 |a last modification  |c 20010803 00:00:00  |k Rodrigo Vera 
999 |c 296615  |d 296613 
952 |0 0  |1 0  |4 0  |6 635_915420000000000_DRE_2000  |7 0  |8 A  |9 350554  |a BIBAGR  |b BIBAGR  |d 2019-11-20  |i 3740080  |o 635.91542 DRE 2000  |p 3740080  |r 2025-01-20  |w 2019-11-20  |y BK  |k AGR